000 00752nam a22002894a 4500
001 UByD003076
003 AR-LpoUNG
005 20240816111010.0
008 240814s2007||||ag a a 000|1 spa d
020 _a9789875794986
040 _aAR-LpoUNG
_bspa
_cAR-LpoUNG
_eaacr
041 0 _aspa
044 _ape
082 0 4 _a808.068 3 51peq
_220
100 1 _aKinefield, David
245 1 0 _aPequeño dinosaurio
250 _a1ra. ed.
260 _aBuenos Aires :
_bEl Gato de Hojalata,
_c2007.
300 _a[10] p. :
_bil.
505 0 _aSugerido a partir de 0 años (etiqueta ROJA)
650 4 _aCUENTOS
650 4 _aLITERATURA
653 0 _aLITERATURA INFANTIL
700 1 _aLawson, Peter
_eil.
905 _a50234
942 _cLIB
_2ddc
999 _c65667
_d65667